• 首页
  • 本馆介绍
  • 公告通知
  • 最新文献
  • 馆藏检索
  • 电子资源
  • 读者导购
  • 参考咨询
  • 我的图书馆
  • 登录
  • 详细信息显示
  • 放入我的书架
  • 预约/预借图书
  • 作者相关作品
  • 分类相关作品
  • 丛书相关作品
  • 出版社相关作品

书目信息

  • 表格格式
  • 工作单格式
  • 卡片格式
题名:
化学实验技术讲座
    
 
作者: 顾庆超 编著
分册: 第一分册   化学实验与数据处理导论
出版信息: 南京   江苏科学技术出版社  1984
页数: 409页
开本: 19cm
丛书名:
单 册:
中图分类: O6-33
科图分类:
主题词: 化学实验
电子资源:
ISBN:
000 00675nam0 2200229 45
001 0184002218
005 20060320105431.57
010    @dCNY1.60
091    @a13196.160
100    @a19950421d1984 emky0chiy0121 ea
101 0  @achi
102    @aCN@b320000
105    @ay z 000yy
200 10 @a化学实验技术讲座@Ahua xue shi yan ji shu jiang zuo@h第一分册@i化学实验与数据处理导论@f顾庆超编著@Fgu qing chao bian zhu
210    @a南京@c江苏科学技术出版社@d1984
215    @a409页@d19cm
606 0  @a化学实验
690    @aO6-33
701  0 @a顾庆超@Agu qing chao@4编著
801  2 @aCN@bNLC@c20060320
801  0 @aCN@b上海图书馆@c20040701
905    @f1@b121585@dO6-33@e146:1
    
    化学实验技术讲座.第一分册.化学实验与数据处理导论/顾庆超编著.-南京:江苏科学技术出版社,1984
    409页;19cm
    
    
    ISBN :CNY1.60
    
●
相关链接 在E读中查询图书 在五车中查询图书 在当当中查询图书 在豆瓣中查询图书


正题名:化学实验技术讲座     索取号:O6-33/146:1         预约/预借

序号 登录号 条形码 馆藏地/架位号 状态 备注
1 0121585   001938210   第二样本阅览室/ [索取号:O6-33/146:1] 在馆    
2 0121586   202217243   密集书库/ [索取号:O6-33/146:1] 在馆    
唐山师范学院图书馆 欢迎您!
大连网信软件有限公司© 版权所有